| 000 | 00891nam a22002417a 4500 | ||
|---|---|---|---|
| 005 | 20240530110908.0 | ||
| 008 | 220214s2005 ua g 000 0 ara d | ||
| 017 |
_bمصر. دار الكتب _a2005/3248 |
||
| 020 | _a9770912085 | ||
| 040 |
_aEG-CaGPL _cEG-CaGPL |
||
| 082 | 0 | 4 |
_221 _a327.16 / _bك ح |
| 100 | 1 | _aكارول ، جيمس | |
| 245 | 1 | 2 |
_aالحرب الصليبية تواريخ حرب ظالمة / _cجيمس كارول ؛ ترجمة قاسم عبده قاسم |
| 250 | _aط. 1 | ||
| 260 |
_aالقاهرة : _bمكتبة الشروق الدولية، _c2005 |
||
| 300 |
_a2 جزء ؛ _c24 سم |
||
| 490 | _aمشروع الامبراطورية الامريكية | ||
| 650 | 0 | 7 |
_2qrmak _aالحروب الصليبية |
| 651 | _2qrmak | ||
| 700 |
_aقاسم عبده قاسم _eمترجم |
||
| 942 |
_2ddc _cBK |
||
| 999 |
_c66263 _d66263 |
||